| 000 | 01386nam a2200253Ia 4500 | ||
|---|---|---|---|
| 008 | 0000001998 sp ad 0000000000spa00 | ||
| 020 | _a8448221532 | ||
| 090 | _aPSP00 G17g | ||
| 100 | 1 | _aGarcía, Manuel | |
| 245 | 1 | 0 |
_aGenovés _b: secuencia y sueños _c/ teXtos Manuel García, Juan Genovés y María Jesús Rodríguez Gallego ; traducción Agustín Nieto, Brendam Lambe ; fotografías Michael Gutmam ...[et al.] |
| 300 |
_a2 vol _c/ 25 cm. |
||
| 500 | _aEXposición realizada en el Museo de Bellas Artes, Buenos Aires, mayo 18 a junio 20 de 1998 \ TeXto bilingue: español inglés \ Registro auspiciado por la FGAA. Bogotá \ | ||
| 501 | _av.1 Secuencias, 19931998 Genovés : pintar secuencias, dibujar sueños / Manuel García Tres encuentros con el pintor Joan Genovés / Marcel García Secuencias v.2 Sueños : 19951996 | ||
| 600 | 0 | 0 |
_aGENOVES, JUAN, 1930/ _xTRABAJOS PICTORICOS |
| 650 | 1 | 4 | _aARTE CONTEMPORANEO ESPAÑOL |
| 650 | 1 | 4 | _aARTISTAS PLASTICOS ESPAÑOLES EXPOSIONES |
| 650 | 1 | 4 | _xCATALOGOS |
| 650 | 1 | 4 | _aDIBUJOS ESPAÑOLES |
| 650 | 1 | 4 | _xEXPOSICIONES |
| 650 | 1 | 4 | _aPINTORES ESPAÑOLES |
| 650 | 1 | 4 | _aPINTURA ESPAÑOLA |
| 700 | 1 | _aGenovés, Juan, 1930 \ Rodríguez Gallego, María Jesús \ Nieto, Agustin \ Lambe, Brendam \ Gutman, Michael | |
| 999 |
_c11015 _d11015 |
||
| 260 |
_aValencia (España) : Consorci de Museum de la Comunitat Valenciana _c1998 |
||